Черная металлургия (Запись № 1970647)

Подробности
000 -МАРКЕР
контрольное поле 11028nas1a22008171i 4500
001 - ИДЕНТИФИКАТОР ЗАПИСИ
контрольное поле RU\NLR\INFOCOMM7\5000051003
005 - ИДЕНТИФИКАТОР ВЕРСИИ
контрольное поле 20240726054025.0
011 ## - МЕЖДУНАРОДНЫЙ СТАНДАРТНЫЙ НОМЕР СЕРИАЛЬНОГО ИЗДАНИЯ (ISSN)
Номер (ISSN) 0208-1032
035 ## - ДРУГИЕ СИСТЕМНЫЕ НОМЕРА
Идентификатор записи (NLR Aleph) 002428417
100 ## - ДАННЫЕ ОБЩЕЙ ОБРАБОТКИ
Данные общей обработки 20040207c1983 |||y0rusy50 ca
101 0# - ЯЗЫК РЕСУРСА
Язык текста, звукозаписи и т.д. русский
102 ## - СТРАНА ПУБЛИКАЦИИ ИЛИ ПРОИЗВОДСТВА
Страна публикации Российская Федерация
110 ## - ПОЛЕ КОДИРОВАННЫХ ДАННЫХ: ПРОДОЛЖАЮЩИЕСЯ РЕСУРСЫ
Кодированные данные продолжающегося ресурса ayuzz 0|y|
200 1# - ЗАГЛАВИЕ И СВЕДЕНИЯ ОБ ОТВЕТСТВЕННОСТИ
Основное заглавие Черная металлургия
Сведения, относящиеся к заглавию Обзор. информ.
Наименование части Серия "Подготовка сырьевых материалов к металлургическому переделу и производство чугуна"
Первые сведения об ответственности ЦНИИ информ. и техн.-экон. исслед. чер. металлургии
210 ## - ПУБЛИКАЦИЯ, РАСПРОСТРАНЕНИЕ И ДР.
Место издания, распространения и т.д. М.
Дата издания, распространения и т.д. 1983-
300 ## - ОБЩИЕ ПРИМЕЧАНИЯ
Текст примечания В надзаг. также: М-во чер. металлургии СССР
311 ## - ПРИМЕЧАНИЯ, ОТНОСЯЩИЕСЯ К ПОЛЯМ СВЯЗИ (ПРИМЕЧАНИЯ О СВЯЗИ С ДРУГИМИ ПРОИЗВЕДЕНИЯМИ (ИЗДАНИЯМИ))
Текст примечания Образовано в результате объединения: Черная металлургия. Серия "Под готовка сырьевых материалов к металлургическому переделу" (Ш.:П10/3636) и ...Серия "Производство чугуна" (Ш.:П10/3637)
436 #0 - ИЗДАНИЯ, УЧАСТВОВАВШИЕ В СЛИЯНИИ
Встроенное поле 2001#$aЧерная металлургия$iСерия "Подготовка сырьевых материалов к металлургическому переделу
-- 852##$aNLR$jП10/3636
Заглавие Черная металлургия
436 #0 - ИЗДАНИЯ, УЧАСТВОВАВШИЕ В СЛИЯНИИ
Встроенное поле 2001#$aЧерная металлургия$iСерия "Производство чугуна"
-- 852##$aNLR$jП10/3637
Заглавие Черная металлургия
801 #1 - ИСТОЧНИК ЗАПИСИ
Страна Российская Федерация
Организация InfoComm
Дата составления 20040207
801 #0 - ИСТОЧНИК ЗАПИСИ
Страна Российская Федерация
Организация NLR
Правила каталогизации PSBO
852 ## - МЕСТОНАХОЖДЕНИЕ И ШИФР ХРАНЕНИЯ
Идентификатор организации NLR
Шифр хранения (Call Number) П10/5977
942 ## - ДОПОЛНИТЕЛЬНЫЕ ЭЛЕМЕНТЫ ЗАПИСИ (АБИС)
Тип экземпляра АБИС Журнал
980 ## - КОЛЛЕКЦИЯ
Название коллекции Русская периодика

Нет доступных экземпляров.